|
|
|
|
| LEADER |
00000nam a2200000 a 4500 |
| 001 |
vtls001354825 |
| 003 |
SK-MaSNL |
| 005 |
20260301010456.0 |
| 008 |
240509s1998 xo ap r yy slo |
| 015 |
|
|
|a SNBA1999/04-01368
|
| 020 |
|
|
|a 8085668661
|
| 035 |
|
|
|a SNK000308273
|
| 035 |
|
|
|a urn:nbn:sk:snk-amk3f1
|
| 035 |
|
|
|a urn:nbn:sk:snk-am0058ka
|
| 035 |
|
|
|a B2052833-878E-42A5-8C8A-B22F0BAE80CE
|
| 040 |
|
|
|a SNK
|b slo
|c SNK
|e AACR2
|
| 041 |
0 |
|
|a slo
|
| 044 |
|
|
|a xo
|c SK
|
| 080 |
|
|
|a 33(075.8)
|2 1981
|
| 100 |
1 |
|
|a Čorba, Vojtech,
|d 1935-2015
|4 aut
|9 7671
|
| 245 |
1 |
0 |
|a Kapitoly z ekonómie a ekonomiky
|c V. Čorba, P. Kuzmišin
|
| 260 |
|
|
|a Prešov
|b ManaCon
|c 1998
|
| 300 |
|
|
|a 280 s.
|b grafy, sch., tab.
|c 21 cm
|
| 504 |
|
|
|a Bibliogr. s. 281-282
|
| 650 |
0 |
7 |
|a ekonómia
|2 SNK
|9 788
|
| 650 |
0 |
7 |
|a ekonomika
|2 SNK
|9 789
|
| 655 |
|
7 |
|a Textbooks (higher)
|2 SNKPHeng
|9 276436
|
| 655 |
|
7 |
|a učebnice vysokých škôl
|2 SNKPH
|9 70191
|
| 655 |
|
7 |
|a učebnice
|2 SNK
|9 22521
|
| 700 |
1 |
|
|a Kuzmišin, Peter,
|d 1950-
|4 aut
|9 6776
|
| 919 |
|
|
|a 80-85668-66-1
|
| 958 |
|
|
|a OND
|
| 958 |
|
|
|a TL
|
| 958 |
|
|
|a NB
|
| 958 |
|
|
|a UV
|
| 999 |
|
|
|c 548211
|d 550141
|
| 952 |
|
|
|t P60, <03>, [BOOK], {603}
|a SNK
|b SNK
|y PREZ
|7 0
|p 17A0181949
|o snkSC 97805
|i snkKSP 1336/99
|0 0
|1 0
|4 0
|d 1999-02-10
|f 1
|l 0
|r 2025-09-17 00:00:00
|w 2026-02-23
|
| 952 |
|
|
|t P60, <04>, [BOOK], {604}
|a SNK
|b SNK
|y VYP
|7 0
|p 17A0181948
|o snkSC 97805 D1
|i snkKSP 1337/99
|0 0
|1 0
|4 0
|d 1999-02-10
|l 0
|r 2005-01-02 00:00:00
|w 2026-02-23
|
| 952 |
|
|
|t P60, <09>, [BOOK], {629}
|a SNK
|b SNK
|y NEVYP
|7 0
|o snkC 111
|i snk229/990212
|0 0
|1 0
|4 0
|d 1999-02-10
|l 0
|r 2005-01-02 00:00:00
|w 2026-02-23
|